Aerobic biodegradation of two commercial naphthenic acids preparations /
সংরক্ষণ করুন:
| প্রধান লেখক: | |
|---|---|
| অন্যান্য লেখক: | , |
| বিন্যাস: | প্রবন্ধ |
| ভাষা: | English |
| বিষয়গুলি: | |
| ট্যাগগুলো: |
ট্যাগ যুক্ত করুন
কোনো ট্যাগ নেই, প্রথমজন হিসাবে ট্যাগ করুন!
|
| Thư viện lưu trữ: | Thư viện Trường Đại học Đà Lạt |
|---|
| LEADER | 01044nam a2200337 4500 | ||
|---|---|---|---|
| 001 | DLU090094415 | ||
| 005 | ##20091201 | ||
| 040 | # | # | |a DLU |b eng |
| 041 | # | # | |a eng |
| 044 | # | # | |a us |
| 100 | # | # | |a Clemente, Joyce S. |
| 245 | # | # | |a Aerobic biodegradation of two commercial naphthenic acids preparations / |c Joyce S. Clemente, Michael D. MacKinnon, Phillip M. Fedorak. |
| 653 | # | # | |a Ecotoxicology |
| 653 | # | # | |a Gas chromatography |
| 653 | # | # | |a HPLC chromatography |
| 653 | # | # | |a Mass spectrometry |
| 653 | # | # | |a Naphthenic acids |
| 653 | # | # | |a Organic compounds |
| 653 | # | # | |a Toxicity |
| 700 | # | # | |a Fedorak, Phillip M. |
| 700 | # | # | |a MacKinnon, Michael D. |
| 773 | # | # | |t Environmental Science & Technology |g Vol. 38, no. 4 (February 2004), p. 1009-1016 |
| 920 | # | # | |a Phòng Tạp chí -- Trung tâm Thông tin - Thư viện Trường Đại học Đà Lạt |
| 994 | # | # | |a DLU |
| 900 | # | # | |a True |
| 911 | # | # | |a Trương Bảo Trâm Anh |
| 925 | # | # | |a G |
| 926 | # | # | |a A |
| 927 | # | # | |a BB |
| 980 | # | # | |a Thư viện Trường Đại học Đà Lạt |